00182nam a2200073Ia 4500008004100000100002000041245002500061260002200086170524s9999 xx 000 0 und d aBONO- EDWARD DC 4aTHE SIX VALUE MEDALS bLONDON: VERMILLON